Measurements in flames, vol. 1 (Record no. 82805)
[ view plain ]
| 000 -LEADER | |
|---|---|
| fixed length control field | 00691nam a2200157 a 4500 |
| 008 - FIXED-LENGTH DATA ELEMENTS--GENERAL INFORMATION | |
| fixed length control field | 120416s1972 ||||||||||||||||| || u |
| 050 ## - LIBRARY OF CONGRESS CALL NUMBER | |
| Classification number | QD 516.I52 Che |
| 100 ## - MAIN ENTRY--PERSONAL NAME | |
| Personal name | Chedaille, J |
| 245 10 - TITLE STATEMENT | |
| Title | Measurements in flames, vol. 1 |
| 260 ## - PUBLICATION, DISTRIBUTION, ETC. | |
| Place of publication, distribution, etc. | London |
| Name of publisher, distributor, etc. | Edward Arnold |
| Date of publication, distribution, etc. | 1972 |
| 300 ## - PHYSICAL DESCRIPTION | |
| Extent | xi, 228p. : ill. |
| 350 ## - | |
| -- | 0.00 |
| 650 ## - SUBJECT ADDED ENTRY--TOPICAL TERM | |
| Topical term or geographic name entry element | Flame |
| 995 ## - | |
| -- | ANNEX COLLECTION (Main Library) |
| -- | 0.00 |
| -- | 715154 |
| -- | CBU-MAIN LIBRARY (Kitwe) |
| -- | 2 |
| -- | 6.95 |
| -- | QD 516.I52 Che |
| -- | 2 |
| -- | AVAILABLE |
| -- | Mar 14, 2007 |
| -- | 012516 |
| -- | Annex Low-Usage Collection |
| 995 ## - | |
| -- | ANNEX COLLECTION (Main Library) |
| -- | 0.00 |
| -- | 715153 |
| -- | CBU-MAIN LIBRARY (Kitwe) |
| -- | 1 |
| -- | 6.95 |
| -- | QD 516.I52 Che |
| -- | 1 |
| -- | AVAILABLE |
| -- | Mar 14, 2007 |
| -- | 012517 |
| -- | Annex Low-Usage Collection |
| 999 ## - | |
| -- | 82805 |
| -- | 82805 |
| Withdrawn status | Lost status | Source of classification or shelving scheme | Damaged status | Not for loan | Permanent Location | Current Location | Shelving location | Date acquired | Total Checkouts | Full call number | Barcode | Date last seen | Copy number | Price effective from | Koha item type |
|---|---|---|---|---|---|---|---|---|---|---|---|---|---|---|---|
| CBU-MAIN LIBRARY, KITWE. | CBU-MAIN LIBRARY, KITWE. | 09/29/2023 | QD 516.I52 Che | 012516 | 09/29/2023 | 1 | 09/29/2023 | MONOGRAPH | |||||||
| CBU-MAIN LIBRARY, KITWE. | CBU-MAIN LIBRARY, KITWE. | 09/29/2023 | QD 516.I52 Che | 012517 | 09/29/2023 | 2 | 09/29/2023 | MONOGRAPH |